| 000 | 00776nam a2200181 a 4500 | ||
|---|---|---|---|
| 001 | 000045840 | ||
| 005 | 20250217091458.0 | ||
| 008 | 150519s2006 dr a 000 0 spa d | ||
| 040 |
_aDO-SdBNP _bspa _cBNPHU |
||
| 082 |
_axxxx _bxxxx |
||
| 110 | 1 |
_aRepública Dominicana. _bComisión Nacional de Pastoral Familiar _99640 |
|
| 245 | 1 | 0 |
_aAsambleas familiares : _bla familia formadora de discípulos para la misión / _cpresentación Nicolás de Jesús López Rodríguez. |
| 246 | 1 | 3 | _ala familia formadora de discípulos para la misión |
| 260 |
_aSanto Domingo : _bComisión Nacional de Pastoral Familiar, _c2006. |
||
| 300 |
_a24 cm. : _bil. ; _c22 cm. |
||
| 500 | _aHacia el III plan nacional de pastoral | ||
| 700 | 1 | 2 |
_a López Rodríguez, Nicolás de Jesús, _d1936- _epres. _9670 |
| 999 |
_c45329 _d45329 |
||